000 00409nam a2200145Ia 4500
008 230917s9999||||xx |||||||||||||| ||und||
040 _e184423
_aMAIN
041 _aEnglish
082 _a519.5 G271C
100 _aGeeta Rani
245 0 _aContribution to the sampling theory using different stratified sampling designs and multi-auxiliary information
260 _c2008
300 _a234 p.
942 _cTH
999 _c125220
_d125220